| 000 | 00465 a2200169 4500 | ||
|---|---|---|---|
| 020 | _a9781441929501 | ||
| 040 |
_aDLC _bDLC |
||
| 082 | 0 | 0 | _a510 s |
| 100 | 1 | _aDavies, B. | |
| 245 | 1 | 0 |
_aIntegral transforms and their applications _cBrian Davies. |
| 250 | _a3rd ed. | ||
| 260 |
_aNew York : _bSpringer, _cc2002. |
||
| 300 |
_axvii, 367 p. : _bill. ; _c25 cm. |
||
| 440 | 0 | _aTexts in applied mathematics ; | |
| 650 | 0 | _aIntegral transforms. | |
| 942 |
_cBK _k510 DAV _2ddc |
||
| 999 |
_c10542 _d10542 |
||